|
|
|
|
| LEADER |
00000nam a22000007a 4500 |
| 005 |
20191003230210.0 |
| 007 |
cr|||| |||| |
| 008 |
191003s2019 co |||||s|||| 00||0 spa d |
| 020 |
|
|
|a 9786200014214
|
| 035 |
|
|
|a 29236
|
| 040 |
|
|
|a vLex
|
| 090 |
|
|
|c 9707
|d 9707
|
| 100 |
1 |
|
|a Herrera Corredor, Maria Camila M.
|
| 245 |
1 |
0 |
|a Seguro de Responsabilidad Civil para Cln̕icas y Hospitales en Colombia
|h [Recurso electrn̤ico] /
|c Maria Camila M. Herrera Corredor
|
| 256 |
|
|
|a Servicio en ln̕ea
|
| 260 |
|
|
|a Bogot:̀
|b Editorial Acadm̌ica Espaǫla,
|c 2019
|
| 300 |
|
|
|a 1 recurso electrn̤ico
|
| 500 |
|
|
|a Esta monografa̕ es un documento ter̤ico – prc̀tico que pretendo pueda ser consultado tanto por abogados como por administradores de establecimientos de salud, en el que se plantea la informacin̤ ter̤ica, normativa y prc̀tica ms̀ relevante que existe sobre el tema de la responsabilidad civil de cln̕icas y hospitales, as ̕como informacin̤ sobre algunas pl̤izas de seguro que existen en el mercado para este tipo de actividad en Colombia. La primera parte de la monografa̕ contiene una contextualizacin̤ ter̤ica y normativa que hace referencia a: nociones de responsabilidad civil, la responsabilidad civil por actividades peligrosas, y el seguro de responsabilidad civil para cln̕icas y hospitales. De la misma manera, presento el contenido del clausulado general del seguro de responsabilidad civil para cln̕icas y hospitales, ofrecido tanto por Liberty Seguros S.A, como por Seguros Generales Suramericana S.A. Finalmente, realizo un anl̀isis general de los třminos, condiciones, coberturas y exclusiones que brindan las mencionadas aseguradoras a quienes manifiesten un interš en contratar dicho seguro.
|
| 506 |
1 |
|
|a Disponible solo en los productos indicados
|d vLex Global
|d vLex Global (Academic Edition, excluding Law Schools)
|d vLex Global (U.S. Academic Edition, Law Schools)
|d vLex Global (U.S. Academic Edition, excluding Law Schools)
|d vLex Global (Academic Edition, Law Schools)
|
| 650 |
0 |
4 |
|a Derecho Pb︢lico y Administrativo
|z Colombia
|
| 740 |
0 |
|
|a vLex Libros (Servicio en ln̕ea)
|
| 856 |
4 |
0 |
|u http://vlex.com/source/29236
|z Acceso restringido
|
| 942 |
|
|
|c BOOK
|
| 999 |
0 |
|
|a Public and Administrative Law
|